000 00301nam a22001337a 4500
008 170523b xxu||||| |||| 00| 0 eng d
020 _a9780673985279
041 _aeng
080 _23RD
_a94
100 _a16
101 _aSHH
245 _aCIVILIZATION IN THE WEST
_cKISHLANSKY, M
942 _2udc
_cBK
999 _c13894
_d13894